Oscillation of the solutions of neutral impulsive differential-difference equations of first order

Elmentve itt :
Bibliográfiai részletek
Szerzők: Dimitrova M. B.
Mishev D.
Dokumentumtípus: Folyóirat
Megjelent: 2005
Sorozat:Electronic journal of qualitative theory of differential equations
Kulcsszavak:Megoldások oszcillációja, differenciál-differencia egyenlet
Online Access:http://acta.bibl.u-szeged.hu/42052
LEADER 00770nas a2200193 i 4500
001 acta42052
005 20260224081030.0
008 170519s2005 hu o 000 eng d
022 |a 1417-3875 
040 |a SZTE Egyetemi Kiadványok Repozitórium  |b hun 
041 |a eng 
100 1 |a Dimitrova M. B. 
245 1 0 |a Oscillation of the solutions of neutral impulsive differential-difference equations of first order  |h [elektronikus dokumentum] /  |c  Dimitrova M. B. 
260 |c 2005 
300 |a 1-11 
490 0 |a Electronic journal of qualitative theory of differential equations 
695 |a Megoldások oszcillációja, differenciál-differencia egyenlet 
700 0 1 |a Mishev D.  |e aut 
856 4 0 |u http://acta.bibl.u-szeged.hu/42052/1/ejqtde_2005_016_001-011.pdf  |z Dokumentum-elérés